01142cam a22002654a 450000100100000000500170001000800410002702000150006804000250008304100130010808200100012110000420013124501810017324600250035426000580037930000330043750000780047054600250054850400850057359000260065870000260068470000330071095201160074399900170085900001303020200929163127.0050426s2005 xx a b i000 0 spa  a1597820016 aDO-SdBNPcspadBNPHU0 aspaheng00a307.31 aFox, Catherineq(Catherine J.)93008210aTripartite partnerships =brecognizing the third sector : five case studies of urban revitalization in Latin America /cCatherine Fox with Jose Brakarz and Alejandro Cruz Fano.15aAlianzas tripartitas aWashington :bInter-American Development Bank,c2005. a88 p. :bcol. ill. ;c28 cm. aCinco estudios de casos en la revitalización urbana de América Latina aInglés y español aIncluye referencias bibliográficas y notas al pie de las páginas (p. 85-88). aInventariado, 2019/VM1 aBrakarz, Jose.9300831 aCruz Fano, Alejandro.930084 001052708MOaGRbGRcHDd2009-11-19iLF1l0o307.3 p13030-10r2020-06-25w2020-06-25y2ZPréstamo interno c12674d12674